000 00263nam a2200109Ia 4500
001 1261065
005 20260417140344.0
008 260417s9999 xx 000 0 und d
020 _a9786051858487
245 0 _aDik Ala
_cElif Sofya
260 _bEverest Yayınları
999 _c1261065
_d1261065